[Event "Valencia-chT Honor"]
[Site "Valencia"]
[Date "2009.01.24"]
[Round "3.7"]
[White "Gonzalez Aguirre, Luis"]
[Black "Anguix Garrido, Juan Francisco"]
[Result "1/2-1/2"]
[WhiteElo "2120"]
[BlackElo "2403"]
[PlyCount "87"]
[EventDate "2009.01.10"]
[EventType "team"]
[EventRounds "5"]
[EventCountry "ESP"]
[SourceTitle "EXT 2010"]
[Source "ChessBase"]
[SourceDate "2010.11.25"]
[SourceVersion "1"]
[SourceVersionDate "2010.11.25"]
[SourceQuality "1"]
[WhiteTeam "Ateneo Maritimo"]
[BlackTeam "Gambito"]
[WhiteTeamCountry "ESP"]
[BlackTeamCountry "ESP"]

1. c4 f5 2. g3 Nf6 3. Bg2 e5 4. Nc3 d6 5. e3 Be7 6. Nge2 c6 7. d4 0-0 8. 0-0 Qe8 9. b4 Qh5 10. f4 e4 11. Qb3 Qf7 12. d5 Na6 13. a3 c5 14. b5 Nb8 15. Bb2 Nbd7 16. Nd1 Re8 17. Nf2 Bd8 18. Qc3 Nb6 19. a4 a5 20. Rfd1 h6 21. Kh1 Ra7 22. Ra2 h5 23. h4 Ng4 24. Nh3 Bf6 25. Qb3 Nd7 26. Bxf6 gxf6 27. Rf1 b6 28. Nf2 Nf8 29. Bh3 Ng6 30. Bxg4 hxg4 31. Kg2 Qf8 32. Rh1 Rh7 33. h5 Nh8 34. Raa1 Qf7 35. Qc3 Kg7 36. Rh2 Rxh5 37. Rxh5 Qxh5 38. Rh1 Qf7 39. Rh2 Ng6 40. Qa1 Rh8 41. Rxh8 Kxh8 42. Qh1+ Kg7 43. Qh5 Bd7 44. Kg1 1/2-1/2

[Event "Mislata op 8th"]
[Site "Valencia"]
[Date "1999.??.??"]
[Round "7"]
[White "Anguix Garrido, Juan Francisco"]
[Black "Torres Sanchez, Jose"]
[Result "1/2-1/2"]
[WhiteElo "2404"]
[BlackElo "2210"]
[PlyCount "34"]
[EventDate "1999.01.??"]
[EventType "swiss"]
[EventRounds "9"]
[EventCountry "ESP"]
[SourceTitle "EXT 2000"]
[Source "ChessBase"]
[SourceDate "1999.11.16"]
[SourceVersion "1"]
[SourceVersionDate "1999.11.16"]
[SourceQuality "1"]

1. e4 e5 2. Nf3 Nf6 3. Nxe5 d6 4. Nf3 Nxe4 5. d3 Nf6 6. d4 d5 7. c4 dxc4 8. Bxc4 Bd6 9. 0-0 0-0 10. Nc3 Nc6 11. h3 h6 12. a3 a6 13. Re1 Re8 14. Be3 Bf5 15. Nh4 Bh7 16. Nf3 Qd7 17. Rc1 Rad8 1/2-1/2

[Event "Autonomico-chT"]
[Site "Aragon"]
[Date "1997.??.??"]
[Round "?"]
[White "Anguix Garrido, Juan Francisco"]
[Black "Alonso Pascual, Francisco"]
[Result "0-1"]
[WhiteElo "2405"]
[BlackElo "2275"]
[PlyCount "126"]
[EventDate "1997.??.??"]
[EventType "team"]
[EventRounds "19"]
[EventCountry "ESP"]
[SourceTitle "EXT 2003"]
[Source "ChessBase"]
[SourceDate "2002.11.25"]
[SourceVersion "1"]
[SourceVersionDate "2002.11.25"]
[SourceQuality "1"]

1. d4 d5 2. Nf3 Nf6 3. c4 e6 4. Nc3 c6 5. e3 Nbd7 6. Bd3 dxc4 7. Bxc4 b5 8. Bb3 Bb7 9. 0-0 Be7 10. a3 a5 11. Re1 b4 12. Na4 0-0 13. e4 Rc8 14. axb4 Bxb4 15. Bd2 c5 16. Bxb4 axb4 17. e5 Nd5 18. dxc5 Nxc5 19. Nxc5 Rxc5 20. Qd4 Rc7 21. Qg4 Qe7 22. Ng5 Ra8 23. Ne4 Rxa1 24. Rxa1 h6 25. h4 Nb6 26. Rd1 Kh7 27. Nd6 Bd5 28. Qxb4 Bxb3 29. Qxb3 Nd7 30. Qd3+ g6 31. Qd4 Rc5 32. Nc8 Rxc8 33. Qxd7 Qf8 34. b4 Kg7 35. b5 Qc5 36. b6 Rb8 37. Rb1 Rxb6 38. Rxb6 Qxb6 39. Qe7 Qb1+ 40. Kh2 Qf5 41. Qd6 Qf4+ 42. Kg1 Qxh4 43. g3 Qg5 44. Kg2 h5 45. Qd4 Qg4 46. Qe3 h4 47. Kh2 hxg3+ 48. fxg3 Qf5 49. Kg2 g5 50. Qd4 g4 51. Qf4 Kg6 52. Kh2 Qc2+ 53. Kg1 Qd1+ 54. Kg2 Qf3+ 55. Kh2 Kh5 56. Qd4 Kg5 57. Qa7 Kg6 58. Qc7 Qf2+ 59. Kh1 Qf1+ 60. Kh2 Qh3+ 61. Kg1 Qxg3+ 62. Kf1 Qf3+ 63. Ke1 g3 0-1

[Event "Autonomico-chT"]
[Site "Aragon"]
[Date "1997.??.??"]
[Round "?"]
[White "Anguix Garrido, Juan Francisco"]
[Black "Mezcua Coronil, Felix"]
[Result "1/2-1/2"]
[WhiteElo "2405"]
[BlackElo "2265"]
[PlyCount "77"]
[EventDate "1997.??.??"]
[EventType "team"]
[EventRounds "19"]
[EventCountry "ESP"]
[SourceTitle "EXT 2003"]
[Source "ChessBase"]
[SourceDate "2002.11.25"]
[SourceVersion "1"]
[SourceVersionDate "2002.11.25"]
[SourceQuality "1"]

1. d4 Nf6 2. Nf3 g6 3. c4 Bg7 4. Nc3 d6 5. Bg5 c5 6. d5 h6 7. Bh4 0-0 8. e3 Qb6 9. Rb1 e5 10. Nd2 Nbd7 11. Be2 a6 12. a3 Qc7 13. e4 Nh7 14. f3 f5 15. b4 b6 16. Bf2 Ndf6 17. Qb3 fxe4 18. Ndxe4 Bf5 19. bxc5 bxc5 20. Qb6 Qxb6 21. Rxb6 Bxe4 22. fxe4 Ng5 23. 0-0 Nfxe4 24. Nxe4 Nxe4 25. Be3 Nc3 26. Bg4 h5 27. Be6+ Kh7 28. Re1 Ne4 29. h4 Rab8 30. Reb1 Rxb6 31. Rxb6 Ng3 32. Rxd6 e4 33. Rd7 Kh8 34. Rf7 Rb8 35. Bxc5 Be5 36. Kf2 Rb2+ 37. Ke1 Bc3+ 38. Kd1 Rd2+ 39. Kc1 1/2-1/2

[Event "Autonomico-chT"]
[Site "Aragon"]
[Date "1997.??.??"]
[Round "?"]
[White "Gomez Cabrero Lopez, Rafael"]
[Black "Anguix Garrido, Juan Francisco"]
[Result "1/2-1/2"]
[WhiteElo "2135"]
[BlackElo "2405"]
[PlyCount "125"]
[EventDate "1997.??.??"]
[EventType "team"]
[EventRounds "19"]
[EventCountry "ESP"]
[SourceTitle "EXT 2003"]
[Source "ChessBase"]
[SourceDate "2002.11.25"]
[SourceVersion "1"]
[SourceVersionDate "2002.11.25"]
[SourceQuality "1"]

1. e4 e6 2. d4 d5 3. Nc3 Bb4 4. exd5 exd5 5. Bd3 c6 6. a3 Bd6 7. Qf3 Qh4 8. Qe3+ Ne7 9. Nf3 Qg4 10. 0-0 f6 11. Ne2 Qe6 12. Nf4 Qxe3 13. fxe3 Bf5 14. Re1 Bxf4 15. Bxf5 Bxh2+ 16. Kxh2 Nxf5 17. e4 dxe4 18. Rxe4+ Kd7 19. Bf4 Na6 20. Rae1 Rae8 21. Rxe8 Rxe8 22. Rxe8 Kxe8 23. g4 Ne7 24. c4 Ng6 25. Be3 Kd7 26. Kg3 Nc7 27. Nd2 Nf8 28. Ne4 Nfe6 29. Nc3 Nd8 30. Kf3 Nf7 31. Ne4 b6 32. Bf4 Ne6 33. Ke3 Nxf4 34. Kxf4 Nd6 35. Nd2 Ke6 36. b3 b5 37. a4 bxa4 38. bxa4 h6 39. c5 Nf7 40. Ke4 g6 41. Nc4 Ng5+ 42. Ke3 h5 43. gxh5 gxh5 44. a5 h4 45. Nb6 h3 46. Kf2 Ne4+ 47. Kg1 Nc3 48. a6 Ne2+ 49. Kh2 Nxd4 50. Kxh3 Nb3 51. Nc8 Nxc5 52. Nxa7 Kd7 53. Kg4 Kc7 54. Kf5 Nd7 55. Ke6 c5 56. Nb5+ Kc6 57. a7 Nb6 58. Nc3 Kb7 59. Kxf6 Kxa7 60. Ke5 Ka6 61. Kd6 c4 62. Kc5 Ka5 63. Nd5 1/2-1/2

[Event "ESP Interclubs fin"]
[Site "Spain"]
[Date "1995.??.??"]
[Round "4"]
[White "Anguix Garrido, Juan Francisco"]
[Black "Mompo Ballester, Vicente A"]
[Result "1/2-1/2"]
[WhiteElo "2370"]
[BlackElo "2245"]
[PlyCount "114"]
[EventDate "1995.??.??"]
[EventType "team"]
[EventRounds "4"]
[EventCountry "ESP"]
[SourceTitle "EXT 2004"]
[Source "ChessBase"]
[SourceDate "2003.11.25"]
[SourceVersion "1"]
[SourceVersionDate "2003.11.25"]
[SourceQuality "1"]

1. d4 Nf6 2. Bg5 e6 3. e4 h6 4. Bxf6 Qxf6 5. Nf3 d6 6. Nc3 Bd7 7. Qd2 g5 8. e5 Qe7 9. Ne4 dxe5 10. Nxe5 Bg7 11. 0-0-0 Nc6 12. Nxd7 Qxd7 13. d5 Qxd5 14. Qxd5 exd5 15. Rxd5 Rd8 16. Bc4 Ne5 17. Rxd8+ Kxd8 18. Be2 Re8 19. Ng3 Re6 20. Rd1+ Rd6 21. Rxd6+ cxd6 22. Nf5 Bf8 23. Kd2 Kc7 24. Ke3 Nc6 25. Bf3 Ne7 26. Nxe7 Bxe7 27. Bd5 f5 28. f4 Bf6 29. c3 gxf4+ 30. Kf3 b5 31. Be6 a5 32. a3 Kc6 33. Bxf5 b4 34. axb4 axb4 35. cxb4 Kb5 36. b3 Kxb4 37. Be6 Kc5 38. Ke4 Bc3 39. Bf7 Bd2 40. h3 Bc1 41. Be6 Bd2 42. Kd3 Bc1 43. Ke4 Bd2 44. Bf7 Bc1 45. h4 Bd2 46. h5 Bc1 47. Bc4 Bd2 48. Be2 d5+ 49. Kf5 Kb4 50. Bf3 d4 51. Kg6 Kxb3 52. Kxh6 Be3 53. Kg5 d3 54. h6 Kc4 55. h7 Bd4 56. Kxf4 Kc5 57. Kf5 Kd6 1/2-1/2

[Event "Valencia Once op"]
[Site "Valencia"]
[Date "1995.??.??"]
[Round "?"]
[White "Anguix Garrido, Juan Francisco"]
[Black "Vassallo Barroche, Mauricio"]
[Result "1/2-1/2"]
[WhiteElo "2370"]
[BlackElo "2390"]
[PlyCount "40"]
[EventDate "1995.??.??"]
[EventType "swiss"]
[EventRounds "9"]
[EventCountry "ESP"]
[SourceTitle "EXT 2010"]
[Source "ChessBase"]
[SourceDate "2010.11.25"]
[SourceVersion "1"]
[SourceVersionDate "2010.11.25"]
[SourceQuality "1"]

1. d4 c6 2. Nf3 d5 3. c4 Nf6 4. cxd5 cxd5 5. Nc3 Nc6 6. Bf4 Bf5 7. e3 a6 8. Bd3 Bxd3 9. Qxd3 e6 10. 0-0 Bd6 11. Bxd6 Qxd6 12. Rfc1 0-0 13. Na4 Nd7 14. Nc5 Nxc5 15. Rxc5 Rac8 16. Rac1 Ne7 17. Rxc8 Rxc8 18. Rxc8+ Nxc8 19. Qc3 Ne7 20. Ne5 f6 1/2-1/2

[Event "Canete"]
[Site "Canete"]
[Date "1994.??.??"]
[Round "2"]
[White "Alvarez Ibarra, Rafael"]
[Black "Anguix Garrido, Juan Francisco"]
[Result "1/2-1/2"]
[WhiteElo "2430"]
[BlackElo "2320"]
[PlyCount "100"]
[EventDate "1994.05.??"]
[EventType "tourn"]
[EventRounds "9"]
[EventCountry "ESP"]
[EventCategory "8"]
[SourceTitle "EXT 1997"]
[Source "ChessBase"]
[SourceDate "1996.11.15"]
[SourceVersion "1"]
[SourceVersionDate "1996.11.15"]
[SourceQuality "1"]

1. e4 d5 2. exd5 Nf6 3. Nf3 Nxd5 4. d4 g6 5. c4 Nb6 6. Be2 Bg7 7. 0-0 0-0 8. Nc3 Nc6 9. d5 Ne5 10. c5 Nxf3+ 11. Bxf3 Nc4 12. Be2 Ne5 13. Be3 b6 14. f4 Nd7 15. c6 Nf6 16. Bf3 e6 17. d6 Qxd6 18. Qxd6 cxd6 19. b4 Ne8 20. Rac1 d5 21. Rfd1 Ba6 22. b5 Bxc3 23. bxa6 Bg7 24. a4 Nc7 25. Be2 Rfd8 26. Bf2 Bh6 27. g3 e5 28. fxe5 Bxc1 29. Rxc1 d4 30. Bg4 Rd5 31. Bd7 Rd8 32. Kf1 d3 33. a5 Rxa5 34. Be3 Rd5 35. Ke1 R8xd7 36. cxd7 Rxd7 37. Kd2 Nxa6 38. Rc8+ Kg7 39. Rc4 h6 40. h3 Nc5 41. Bxc5 bxc5 42. Rxc5 Kf8 43. Ra5 Ke7 44. Ra6 h5 45. g4 h4 46. g5 Rd5 47. Rxa7+ Ke6 48. Ra4 Rxe5 49. Rxh4 Rxg5 50. Kxd3 Rg3+ 1/2-1/2

[Event "Canete"]
[Site "Canete"]
[Date "1994.??.??"]
[Round "5"]
[White "Anguix Garrido, Juan Francisco"]
[Black "Garcia Palermo, Carlos H"]
[Result "1/2-1/2"]
[WhiteElo "2320"]
[BlackElo "2490"]
[PlyCount "34"]
[EventDate "1994.05.??"]
[EventType "tourn"]
[EventRounds "9"]
[EventCountry "ESP"]
[EventCategory "8"]
[SourceTitle "EXT 1997"]
[Source "ChessBase"]
[SourceDate "1996.11.15"]
[SourceVersion "1"]
[SourceVersionDate "1996.11.15"]
[SourceQuality "1"]

1. Nf3 d5 2. c4 dxc4 3. Na3 c5 4. Nxc4 Nc6 5. Nce5 Nxe5 6. Nxe5 Nf6 7. e3 e6 8. Bb5+ Bd7 9. Nxd7 Nxd7 10. 0-0 a6 11. Be2 Be7 12. d4 0-0 13. d5 exd5 14. Qxd5 Qc7 15. Bd2 Bf6 16. Rac1 Rfd8 17. Rc2 b5 1/2-1/2

[Event "Canete"]
[Site "Canete"]
[Date "1994.??.??"]
[Round "8"]
[White "Anguix Garrido, Juan Francisco"]
[Black "Gomez Esteban, Juan Mario"]
[Result "1/2-1/2"]
[WhiteElo "2320"]
[BlackElo "2465"]
[PlyCount "53"]
[EventDate "1994.05.??"]
[EventType "tourn"]
[EventRounds "9"]
[EventCountry "ESP"]
[EventCategory "8"]
[SourceTitle "EXT 1997"]
[Source "ChessBase"]
[SourceDate "1996.11.15"]
[SourceVersion "1"]
[SourceVersionDate "1996.11.15"]
[SourceQuality "1"]

1. Nf3 d5 2. d4 e6 3. c4 c6 4. Nc3 Nf6 5. cxd5 exd5 6. Qc2 h6 7. Bf4 Bd6 8. Bxd6 Qxd6 9. e3 0-0 10. Bd3 Be6 11. h3 Rc8 12. 0-0 Nbd7 13. Rfc1 a5 14. Rab1 b6 15. a3 c5 16. Nb5 Qe7 17. b3 Nf8 18. Qd1 Ne4 19. Rb2 Nd6 20. a4 Nxb5 21. Bxb5 Rc7 22. Rbc2 Rac8 23. Ba6 Ra8 24. Bd3 Rac8 25. Ba6 Ra8 26. Bd3 Rac8 27. Ba6 1/2-1/2

[Event "ESP-chT"]
[Site "Cala Galdana"]
[Date "1994.??.??"]
[Round "?"]
[White "Anguix Garrido, Juan Francisco"]
[Black "Pablo Marin, Alejandro"]
[Result "0-1"]
[WhiteElo "2325"]
[BlackElo "2390"]
[PlyCount "82"]
[EventDate "1994.??.??"]
[EventType "team"]
[EventRounds "9"]
[EventCountry "ESP"]
[SourceTitle "EXT 1997"]
[Source "ChessBase"]
[SourceDate "1996.11.15"]
[SourceVersion "1"]
[SourceVersionDate "1996.11.15"]
[SourceQuality "1"]

1. d4 d5 2. c4 Bf5 3. Nc3 e6 4. Bf4 Nc6 5. e3 Nf6 6. c5 a6 7. Nf3 Be7 8. h3 0-0 9. Be2 Ne4 10. Rc1 g5 11. Bh2 f6 12. a3 Rf7 13. Nd2 Nxc3 14. Rxc3 e5 15. Nf3 e4 16. Nd2 Be6 17. Qb3 Qd7 18. Qxb7 Ra7 19. Qb3 f5 20. Be5 Ra8 21. Qb7 Ra7 22. Qb3 Rf8 23. Qc2 Nxe5 24. dxe5 d4 25. exd4 Qxd4 26. Nc4 Kh8 27. Na5 Bd5 28. 0-0 Qxe5 29. Qa4 Qe6 30. c6 Bf6 31. Rc5 Qf7 32. Rd1 Be6 33. Bc4 Bxb2 34. Rd7 Qf6 35. Bxe6 Qxe6 36. Qd1 e3 37. Rc2 Be5 38. fxe3 Bd6 39. Nc4 Bg3 40. Qd4+ Rf6 41. Rxc7 Bxc7 0-1

[Event "Canete"]
[Site "Canete"]
[Date "1994.??.??"]
[Round "6"]
[White "Campora, Daniel Hugo"]
[Black "Anguix Garrido, Juan Francisco"]
[Result "1-0"]
[WhiteElo "2560"]
[BlackElo "2320"]
[PlyCount "57"]
[EventDate "1994.05.??"]
[EventType "tourn"]
[EventRounds "9"]
[EventCountry "ESP"]
[EventCategory "8"]
[SourceTitle "EXT 1997"]
[Source "ChessBase"]
[SourceDate "1996.11.15"]
[SourceVersion "1"]
[SourceVersionDate "1996.11.15"]
[SourceQuality "1"]

1. b4 c6 2. Bb2 a5 3. b5 cxb5 4. e4 b4 5. a3 bxa3 6. Nxa3 d6 7. d4 e6 8. Bd3 Nf6 9. Ne2 Be7 10. 0-0 Nc6 11. Kh1 Nb4 12. Bb5+ Bd7 13. c3 Bxb5 14. Nxb5 Nc6 15. Ng3 0-0 16. c4 Nb4 17. d5 exd5 18. exd5 Qd7 19. Ra3 Nbxd5 20. Rf3 Nb6 21. Qd4 Na4 22. Ba1 Nc5 23. Nf5 Ne6 24. Qh4 Rfe8 25. Nxe7+ Qxe7 26. Rxf6 gxf6 27. Bxf6 Qd7 28. f4 Nf8 29. Qg5+ 1-0

[Event "Ibercaja op"]
[Site "Zaragoza"]
[Date "1994.??.??"]
[Round "8"]
[White "Marin, Mihail"]
[Black "Anguix Garrido, Juan Francisco"]
[Result "1-0"]
[WhiteElo "2530"]
[BlackElo "2325"]
[PlyCount "108"]
[EventDate "1994.04.??"]
[EventType "swiss"]
[EventRounds "9"]
[EventCountry "ESP"]
[SourceTitle "TD"]
[Source "ChessBase"]
[SourceDate "1994.03.01"]
[SourceVersion "1"]
[SourceVersionDate "1994.03.01"]
[SourceQuality "1"]

1. d4 d5 2. c4 e6 3. Nf3 c5 4. cxd5 exd5 5. g3 Nc6 6. Bg2 Nf6 7. 0-0 Be7 8. Nc3 0-0 9. Bg5 cxd4 10. Nxd4 Re8 11. Qa4 Bd7 12. Rac1 h6 13. Be3 Na5 14. Qc2 Rc8 15. Nf5 Bb4 16. Rfd1 Be6 17. Bd4 Nc6 18. e3 Nxd4 19. Nxd4 Bxc3 20. Nxe6 fxe6 21. bxc3 Qa5 22. Qb3 Rc7 23. Bh3 Ne4 24. c4 Nd2 25. Qb5 Qxb5 26. cxb5 Nf3+ 27. Kg2 Rf7 28. Bg4 Ne5 29. Be2 Rfe7 30. e4 dxe4 31. Rd4 Nd3 32. Bxd3 exd3 33. Rxd3 Rf8 34. a4 g5 35. Rc4 Kg7 36. h4 Kg6 37. f3 Ref7 38. Re4 Re7 39. Rc4 Ref7 40. Re4 Re7 41. Kh3 Rc8 42. Rde3 Kf6 43. Kg4 Rc5 44. hxg5+ hxg5 45. Re2 a6 46. bxa6 bxa6 47. Rh2 Kg6 48. Rh8 Rf5 49. Rg8+ Kf6 50. Rf8+ Rf7 51. Re8 Re5 52. Rxe5 Kxe5 53. Rg8 Re7 54. Rxg5+ Kf6 1-0